000 00574nam a2200229Ia 4500
003 OSt
005 20221005083812.0
006 a|||||r|||| 00| 0
007 ta
008 221004b |||||||| |||| 00| 0 eng d
024 _a35308
037 _cTextual
040 _aCRL
_cCRL
_beng
041 _2eng
_aeng
082 _aX, L5.1
245 0 _aEconomic theory and practice in the Asian setting
260 _aNew Delhi
_bWiley Eastern
_c1975
300 _a172p.
_ccm.
650 _aECONOMICS
942 _hX, L5.1
_cTEXL
_2cc
999 _c991563
_d991563